| 000 | 00696nam a2200217 4500 | ||
|---|---|---|---|
| 001 | 113399 | ||
| 003 | ES-MaACL | ||
| 005 | 20230906185857.0 | ||
| 007 | t| | ||
| 008 | 061121s1904 fr r ||||1| fre d | ||
| 100 | 1 |
_aNitti, Francesco Saverio ( _d1868-1953) _9130500 |
|
| 245 | 1 | 0 |
_aPrincipes de science des finances / _cFrancesco Nitti ; Avec une préface de A. Wahl ; Traduction Française de J. Chamard. |
| 260 |
_aParis : _b[s.n.], _c1904 ( _fA. Burdin et Cie) |
||
| 300 |
_aXXX, 749 p. ; _c22 cm. |
||
| 490 | 1 | _aDroit public | |
| 700 | 1 |
_aWahl, A. _9115859 |
|
| 700 | 1 |
_aChamard, J. _937841 |
|
| 830 | 0 |
_aDroit public _9233188 |
|
| 852 |
_aES-MaACL _jF-3100 |
||
| 999 |
_c113399 _d113399 |
||